Muslim Military History (Record no. 8224)

MARC details
000 -LEADER
fixed length control field 00643nam a2200253 a 4500
020 ## - INTERNATIONAL STANDARD BOOK NUMBER
ISBN
082 00 - DEWEY DECIMAL CLASSIFICATION NUMBER
Classification number 297.72016
Author Cutter NAY
100 ## - MAIN ENTRY--AUTHOR NAME
Author name Nayeem, Mohd
245 ## - TITLE STATEMENT
Title Muslim Military History
260 ## - PUBLICATION, DISTRIBUTION, ETC. (IMPRINT)
Place of publication Islambad
Name of publisher Islamic Research Institute
Year of publication 1986
300 ## - PHYSICAL DESCRIPTION
Number of Pages 88p
500 ## - GENERAL NOTE
General note includes index and biblioraphy
505 2# - FORMATTED CONTENTS NOTE
Formatted contents note Bibliography, Index
650 ## - SUBJECT ADDED ENTRY--TOPICAL TERM
Topical Term Bibliography-Muslim Military
650 ## - SUBJECT ADDED ENTRY--TOPICAL TERM
Topical Term Muslim Military-History
942 ## - ADDED ENTRY ELEMENTS (KOHA)
Koha item type Books
700 1# -
-- Nayeem, Mohd
Holdings
Collection code Home library Current library Date acquired Cost, normal purchase price Full call number Accession Number Koha item type
  Henry Martyn Institute Library Henry Martyn Institute Library 07/13/2007 100.00 297.72016 NAY 014833 Books
                   Copyright © 2026 | Henry Martyn Institute | Hyderabad | TS-500052 | INDIA | Implemented by hmi.edu.in
Hit-Count:

Powered by Koha